[Event "Toronto-ch U20"]
[Site "Toronto CAN"]
[Date "2019.03.16"]
[Round "3.1"]
[White "Xu, Jeffrey"]
[Black "Chen, Max"]
[Result "0-1"]
[WhiteElo "2258"]
[BlackElo "2238"]
[PlyCount "103"]
[EventDate "2019.03.15"]
[EventType "swiss"]
[EventRounds "5"]
[EventCountry "CAN"]

1. Na3 Na6 2. c3 c6 3. Nc2 Nc7 4. d4 d5 5. g3 g6 6. Bg2 Bg7 7. Nh3 Nf6 8. Nf4
O-O 9. O-O Re8 10. Re1 e5 11. dxe5 Rxe5 12. Nd4 Re8 13. a4 Ne6 14. Qc2 Nxd4 15.
cxd4 Bf5 16. Qb3 Qb6 17. Qd1 Ng4 18. e3 Qb4 19. Re2 Nf6 20. h3 h5 21. Bd2 Qd6
22. b4 g5 23. Nxh5 Nxh5 24. g4 Bd3 25. gxh5 Bxe2 26. Qxe2 Bxd4 27. Rd1 Bf6 28.
Qg4 Qe6 29. Qg3 Kh7 30. Re1 Qe5 31. Qf3 Rad8 32. Rc1 Qe6 33. Bf1 Kh8 34. Bd3
Rg8 35. Bf5 Qe7 36. h6 Be5 37. b5 c5 38. h7 Rg7 39. Kf1 b6 40. Qg4 Qf6 41. a5
Qe7 42. Rc2 Qe8 43. Qa4 Bf6 44. axb6 axb6 45. Ra2 Qe5 46. Qc2 Qe8 47. Qa4 Be5
48. Qa6 Rb8 49. Kg2 f6 50. Qa4 Qh5 51. Qa8 g4 52. Qa4 0-1

[Event "Toronto-ch U20"]
[Site "Toronto CAN"]
[Date "2019.03.17"]
[Round "4.1"]
[White "Chen, Max"]
[Black "Mao, Fengxi"]
[Result "1-0"]
[WhiteElo "2238"]
[BlackElo "2120"]
[PlyCount "135"]
[EventDate "2019.03.15"]
[EventType "swiss"]
[EventRounds "5"]
[EventCountry "CAN"]

1. e4 e6 2. d4 d5 3. Nd2 Be7 4. Bd3 c5 5. exd5 Qxd5 6. Ngf3 cxd4 7. Bc4 Qd6 8.
O-O Nf6 9. Nb3 e5 10. Re1 Bg4 11. h3 Bxf3 12. Qxf3 Nc6 13. Bg5 O-O 14. Rad1 Qc7
15. Bd3 Nb4 16. Qf5 Nxd3 17. cxd3 Nd5 18. Qxe5 Qxe5 19. Rxe5 Bxg5 20. Rxg5 Rfd8
21. Rg4 Nb4 22. Nxd4 Nxa2 23. Nf5 g6 24. Ra1 h5 25. Ne7+ Kf8 26. Re4 Rxd3 27.
Rxa2 Rd7 28. Nxg6+ fxg6 29. Ra3 b6 30. Rg3 Kf7 31. Rf3+ Kg7 32. Re6 Rf8 33.
Rxg6+ Kxg6 34. Rxf8 Rd1+ 35. Kh2 Rd2 36. b4 Rb2 37. Rf4 Kg5 38. Kg3 Rb3+ 39. f3
Rb2 40. h4+ Kg6 41. Rd4 Kf5 42. Rd5+ Ke6 43. Rb5 Kd6 44. Kh3 Kc6 45. Rxh5 Rxb4
46. Rg5 Rd4 47. h5 b5 48. Rg6+ Kc5 49. h6 Rd8 50. h7 Rh8 51. Rg7 a5 52. g4 a4
53. g5 a3 54. g6 Kb6 55. Rg8 a2 56. Rxh8 a1=Q 57. Rb8+ Kc7 58. h8=Q Qh1+ 59.
Kg4 Qg2+ 60. Kf4 Qd2+ 61. Kf5 Qd3+ 62. Kf4 Qd2+ 63. Kg3 Qe1+ 64. Kg4 Qg1+ 65.
Kf5 Qb1+ 66. Kf6 Qb2+ 67. Ke7 Qb4+ 68. Ke8 1-0

[Event "Toronto-ch U20"]
[Site "Toronto CAN"]
[Date "2019.03.17"]
[Round "5.1"]
[White "Chen, Max"]
[Black "Zhao, Harry"]
[Result "1-0"]
[WhiteElo "2238"]
[BlackElo "2158"]
[PlyCount "112"]
[EventDate "2019.03.15"]
[EventType "swiss"]
[EventRounds "5"]
[EventCountry "CAN"]

1. e4 e6 2. d4 d5 3. Nd2 Nf6 4. e5 Nfd7 5. c3 c5 6. Bd3 Nc6 7. Ne2 cxd4 8. cxd4
f6 9. Nf4 Nxd4 10. Qh5+ Ke7 11. Ng6+ hxg6 12. exf6+ Nxf6 13. Qxh8 Kf7 14. O-O
e5 15. Nb3 Nf5 16. Bg5 Be6 17. Rad1 Rc8 18. Rfe1 Qd6 19. Bxf5 gxf5 20. Nd2 Be7
21. Qh4 Rc2 22. Nf3 e4 23. Bf4 Qb6 24. Be3 Qd6 25. Bf4 Qb6 26. Ne5+ Kg8 27. Ng6
Bd6 28. Be3 Qc7 29. Rc1 Rc6 30. Nf4 Bf7 31. g3 Be5 32. Ne2 Bxb2 33. Rb1 Be5 34.
Bd4 Rc2 35. Rbd1 Rxa2 36. Qg5 Be6 37. Rc1 Qd6 38. Bc5 Qd7 39. Bd4 Ng4 40. h3
Bxd4 41. hxg4 Bf6 42. Qh5 d4 43. Rc7 Qd8 44. Nf4 Bd7 45. Rec1 d3 46. Kg2 d2 47.
Rh1 Qxc7 48. Qh7+ Kf7 49. Qh5+ Ke7 50. Nd5+ Kd6 51. Nxc7 Kxc7 52. Qf7 Ra1 53.
Qc4+ Bc6 54. Qf7+ Kb6 55. Qb3+ Kc7 56. Qf7+ Kd8 1-0

[Event "Vendredi 2019.01.11 A"]
[Site "Montreal CAN"]
[Date "2019.01.11"]
[Round "1"]
[White "Abdelaal, Ibrahim"]
[Black "Chang, Alexander"]
[Result "1/2-1/2"]
[WhiteElo "2022"]
[BlackElo "1942"]
[PlyCount "59"]
[EventDate "2019.01.11"]
[EventType "tourn"]
[EventRounds "3"]
[EventCountry "CAN"]

1. e4 e5 2. Nf3 Nc6 3. Bc4 Bc5 4. b4 Bxb4 5. c3 Ba5 6. d4 exd4 7. O-O d6 8. Qb3
Qe7 9. Bg5 Nf6 10. cxd4 O-O 11. Nc3 Bxc3 12. Qxc3 h6 13. Bh4 g5 14. e5 Ne4 15.
Qe3 Bf5 16. Bd5 dxe5 17. Bxc6 bxc6 18. Bg3 exd4 19. Nxd4 Qf6 20. Rac1 c5 21.
Nxf5 Qxf5 22. Bxc7 Rac8 23. f3 Rxc7 24. fxe4 Qe6 25. Qg3 Re7 26. Rxc5 Qxe4 27.
Rxg5+ hxg5 28. Qxg5+ Kh8 29. Qh6+ Kg8 30. Qg5+ 1/2-1/2

[Event "Vendredi 2019.01.11 A"]
[Site "Montreal CAN"]
[Date "2019.01.11"]
[Round "1"]
[White "McDonough, Jonathan"]
[Black "Huang, Qiuyu"]
[Result "1/2-1/2"]
[WhiteElo "2241"]
[BlackElo "2228"]
[PlyCount "49"]
[EventDate "2019.01.11"]
[EventType "tourn"]
[EventRounds "3"]
[EventCountry "CAN"]

1. d4 f5 2. Nc3 Nf6 3. Bg5 g6 4. Bxf6 exf6 5. e3 d5 6. Qf3 c6 7. Bd3 Be6 8.
Nge2 Bf7 9. h3 h5 10. O-O-O h4 11. g4 hxg3 12. fxg3 Nd7 13. g4 fxg4 14. hxg4
Rxh1 15. Rxh1 Bg7 16. Rh7 Kf8 17. Nf4 Kg8 18. Bxg6 Nf8 19. Bxf7+ Kxh7 20. Ne6
Qe7 21. Qf5+ Kh8 22. Qh5+ Nh7 23. Qg6 Bh6 24. Kd2 Rc8 25. Kd3 1/2-1/2

[Event "Vendredi 2019.01.11 A"]
[Site "Montreal CAN"]
[Date "2019.01.18"]
[Round "2"]
[White "Huang, Qiuyu"]
[Black "Chang, Alexander"]
[Result "1-0"]
[WhiteElo "2228"]
[BlackElo "1942"]
[PlyCount "61"]
[EventDate "2019.01.11"]
[EventType "tourn"]
[EventRounds "3"]
[EventCountry "CAN"]

1. e4 e5 2. Nf3 Nc6 3. Bc4 Bc5 4. d3 Nf6 5. c3 d6 6. a4 a5 7. Bg5 O-O 8. h3 Be6
9. Nbd2 Qe7 10. O-O Bxc4 11. Nxc4 Qe6 12. Ne3 Ba7 13. Re1 Ne7 14. d4 Ng6 15. d5
Qe7 16. Ng4 Kh8 17. g3 Rg8 18. Kf1 h5 19. Bxf6 gxf6 20. Nh6 Rg7 21. Nf5 Qd7 22.
Qb3 Bb6 23. Re2 Rgg8 24. Ke1 Ne7 25. N3h4 Nxf5 26. Nxf5 Rab8 27. Rd2 Bc5 28.
Qd1 Rg5 29. Qf3 Qd8 30. h4 Rg4 31. Nh6 1-0

[Event "Vendredi 2019.01.11 A"]
[Site "Montreal CAN"]
[Date "2019.01.18"]
[Round "2"]
[White "McDonough, Jonathan"]
[Black "Abdelaal, Ibrahim"]
[Result "1-0"]
[WhiteElo "2241"]
[BlackElo "2022"]
[PlyCount "47"]
[EventDate "2019.01.11"]
[EventType "tourn"]
[EventRounds "3"]
[EventCountry "CAN"]

1. e4 d5 2. exd5 Nf6 3. Bb5+ Bd7 4. Be2 Nxd5 5. d4 Bf5 6. Nf3 e6 7. O-O Be7 8.
a3 O-O 9. c4 Nf6 10. Nc3 Bg4 11. Be3 Nbd7 12. b4 a5 13. Qb3 h6 14. Rfd1 Qc8 15.
Rac1 axb4 16. axb4 Bf5 17. d5 exd5 18. cxd5 Ne4 19. Nxe4 Bxe4 20. Bf4 c5 21.
Qe3 Bxf3 22. Bxf3 Re8 23. Qb3 b6 24. d6 1-0

[Event "Vendredi 2019.01.11 A"]
[Site "Montreal CAN"]
[Date "2019.01.25"]
[Round "3"]
[White "Abdelaal, Ibrahim"]
[Black "Huang, Qiuyu"]
[Result "1/2-1/2"]
[WhiteElo "2022"]
[BlackElo "2228"]
[PlyCount "68"]
[EventDate "2019.01.11"]
[EventType "tourn"]
[EventRounds "3"]
[EventCountry "CAN"]

1. e4 c5 2. Nf3 Nc6 3. b4 cxb4 4. d4 d5 5. exd5 Qxd5 6. c4 Qe4+ 7. Be3 Bf5 8.
Nbd2 Qc2 9. Qxc2 Bxc2 10. d5 Na5 11. Nd4 Ba4 12. g3 Nf6 13. N4b3 Nxb3 14. axb3
Bd7 15. Rxa7 Rxa7 16. Bxa7 e6 17. Bg2 exd5 18. cxd5 b5 19. O-O Bd6 20. Re1+ Kd8
21. Bb6+ Kc8 22. Bd4 Re8 23. Rc1+ Kd8 24. Bxf6+ gxf6 25. Ne4 Be5 26. Nc5 Ke7
27. Nxd7 Kxd7 28. Bf1 Kd6 29. Bxb5 Rb8 30. Bc4 Ra8 31. Rc2 Ra1+ 32. Kg2 Rb1 33.
Re2 Rb2 34. Rxb2 Bxb2 1/2-1/2

[Event "Vendredi 2019.01.11 A"]
[Site "Montreal CAN"]
[Date "2019.01.25"]
[Round "3"]
[White "Chang, Alexander"]
[Black "McDonough, Jonathan"]
[Result "0-1"]
[WhiteElo "1942"]
[BlackElo "2241"]
[PlyCount "110"]
[EventDate "2019.01.11"]
[EventType "tourn"]
[EventRounds "3"]
[EventCountry "CAN"]

1. e4 e6 2. d4 d5 3. exd5 exd5 4. Nf3 Bd6 5. Bd3 Ne7 6. O-O O-O 7. Nbd2 Ng6 8.
Re1 Nf4 9. Bf1 Nc6 10. c3 Qf6 11. g3 Ng6 12. Bg2 h6 13. Nf1 Nce7 14. Ne3 c6 15.
b3 Bd7 16. Bb2 Rae8 17. Qd2 Kh7 18. c4 Nf5 19. Ng4 Qd8 20. Nfe5 Be6 21. c5 Nxe5
22. Nxe5 Bxe5 23. Rxe5 f6 24. Re2 Bf7 25. Rae1 g5 26. f4 Bh5 27. Rxe8 Rxe8 28.
Bh3 Bg6 29. Kf2 Ng7 30. Bf1 Be4 31. Bd3 f5 32. Bxe4 fxe4 33. Kg2 gxf4 34. Qxf4
Rf8 35. Qd2 Rf3 36. Rf1 Qf6 37. Qe2 Rxf1 38. Qxf1 Nf5 39. Qf4 Kg6 40. g4 Nh4+
41. Kg3 Qxf4+ 42. Kxf4 Nf3 43. h3 Ne1 44. Bc3 Nd3+ 45. Kg3 Nc1 46. Bb2 Nxa2 47.
h4 Nb4 48. Bc3 Nd3 49. Bd2 b6 50. h5+ Kg7 51. b4 bxc5 52. bxc5 Nb2 53. Kf4 Nc4
54. Bc3 Kf6 55. Be1 a5 0-1

[Event "Vendredi 2019.02.08"]
[Site "Montreal CAN"]
[Date "2019.02.08"]
[Round "1"]
[White "McDonough, Jonathan"]
[Black "Huang, Qiuyu"]
[Result "0-1"]
[WhiteElo "2253"]
[BlackElo "2226"]
[PlyCount "50"]
[EventDate "2019.02.08"]
[EventType "tourn"]
[EventRounds "3"]
[EventCountry "CAN"]

1. d4 f5 2. e4 fxe4 3. Nc3 Nf6 4. Bg5 g6 5. f3 exf3 6. Nxf3 Bg7 7. Qd2 d5 8.
O-O-O O-O 9. Re1 Nc6 10. Ne5 Bf5 11. Bh6 Bxh6 12. Qxh6 Nxe5 13. dxe5 Ne4 14. g4
Bxg4 15. Nxe4 dxe4 16. Bc4+ Kh8 17. Rxe4 Bh5 18. Qe3 Rf3 19. Qd4 Qf8 20. e6+
Kg8 21. Rg1 Rd8 22. Qe5 Rf1+ 23. Re1 Rxg1 24. Rxg1 Qf2 25. Qe1 Qf4+ 0-1

[Event "Vendredi 2019.02.08"]
[Site "Montreal CAN"]
[Date "2019.02.08"]
[Round "1"]
[White "Saha, Ananda"]
[Black "Chang, Alexander"]
[Result "1/2-1/2"]
[WhiteElo "2166"]
[BlackElo "1936"]
[PlyCount "109"]
[EventDate "2019.02.08"]
[EventType "tourn"]
[EventRounds "3"]
[EventCountry "CAN"]

1. Nf3 Nf6 2. g3 d5 3. c4 e6 4. b3 Be7 5. Bb2 O-O 6. Bg2 c5 7. d3 Nc6 8. O-O d4
9. Nbd2 e5 10. a3 h6 11. b4 cxb4 12. axb4 Bxb4 13. Ba3 Bxa3 14. Rxa3 Qe7 15.
Qa1 Bf5 16. Rb3 Rab8 17. Rfb1 Bh7 18. Ng5 hxg5 19. Bxc6 b6 20. Bg2 Rfd8 21. c5
Nd5 22. Bxd5 Rxd5 23. cxb6 Rxb6 24. Rxb6 axb6 25. Rxb6 Qc7 26. Qb2 Bf5 27. Nc4
e4 28. Rb8+ Kh7 29. Rb7 Qc5 30. dxe4 Bxe4 31. Nd2 Bg6 32. Rb3 d3 33. e4 Rd7 34.
Rc3 Qd4 35. Qc1 g4 36. Rc4 Qf6 37. h4 Ra7 38. Kg2 Ra1 39. Qc3 Bxe4+ 40. f3
Bxf3+ 41. Kf2 Qe6 42. Qxd3+ g6 43. Nxf3 gxf3 44. Kxf3 Qf6+ 45. Rf4 Qc6+ 46. Kg4
f5+ 47. Kg5 Qc7 48. Rd4 Qe7+ 49. Kf4 Ra3 50. Rd7 Rxd3 51. Rxe7+ Kh6 52. Re3
Rxe3 53. Kxe3 g5 54. hxg5+ Kxg5 55. Kf3 1/2-1/2

[Event "Vendredi 2019.02.08"]
[Site "Montreal CAN"]
[Date "2019.02.15"]
[Round "2"]
[White "Huang, Qiuyu"]
[Black "Chang, Alexander"]
[Result "1/2-1/2"]
[WhiteElo "2226"]
[BlackElo "1936"]
[PlyCount "119"]
[EventDate "2019.02.08"]
[EventType "tourn"]
[EventRounds "3"]
[EventCountry "CAN"]

1. e4 e5 2. Nf3 Nc6 3. Bc4 Bc5 4. c3 Nf6 5. d3 d6 6. a4 a6 7. h3 h6 8. Nbd2 O-O
9. O-O Be6 10. Re1 Bb6 11. b4 Ne7 12. Nf1 Ng6 13. Bxe6 fxe6 14. d4 exd4 15.
cxd4 e5 16. Bb2 Qe7 17. Ng3 Rae8 18. a5 Ba7 19. b5 Qf7 20. Qa4 axb5 21. Qxb5 c6
22. Qa4 exd4 23. Bxd4 Bxd4 24. Qxd4 d5 25. exd5 Nxd5 26. Rxe8 Rxe8 27. a6 bxa6
28. Rxa6 Qb7 29. Ra7 Qb1+ 30. Kh2 Re7 31. Ra8+ Kh7 32. Qg4 Nf6 33. Qc8 Qb7 34.
Ne4 Qc7+ 35. g3 Qxc8 36. Nxf6+ gxf6 37. Rxc8 Ne5 38. Nxe5 Rxe5 39. Rxc6 Kg6 40.
g4 h5 41. f4 Re2+ 42. Kg3 hxg4 43. hxg4 Re7 44. g5 Rf7 45. Kg4 Kg7 46. f5 fxg5
47. Kxg5 Rb7 48. Rg6+ Kf7 49. Ra6 Kg7 50. Rg6+ Kf7 51. Rh6 Rb5 52. Rh7+ Kg8 53.
Re7 Kf8 54. Re6 Kf7 55. Rd6 Rb7 56. Rh6 Rb5 57. Rh7+ Kg8 58. Rd7 Rb6 59. f6 Rb1
60. Kg6 1/2-1/2

[Event "Vendredi 2019.02.08"]
[Site "Montreal CAN"]
[Date "2019.02.15"]
[Round "2"]
[White "McDonough, Jonathan"]
[Black "Saha, Ananda"]
[Result "0-1"]
[WhiteElo "2253"]
[BlackElo "2166"]
[PlyCount "264"]
[EventDate "2019.02.08"]
[EventType "tourn"]
[EventRounds "3"]
[EventCountry "CAN"]

1. d4 d5 2. c4 e6 3. Nf3 Nf6 4. Nc3 Be7 5. Bf4 O-O 6. e3 c6 7. Qc2 Nbd7 8. Rd1
Re8 9. h3 Qa5 10. Bd3 dxc4 11. Bxc4 b5 12. Bb3 c5 13. a3 c4 14. Ba2 Nd5 15. O-O
Nxc3 16. bxc3 Nb6 17. e4 Na4 18. Bd2 Bb7 19. Rb1 Rac8 20. Ne5 Rc7 21. Rb4 Bxb4
22. axb4 Qa6 23. f4 f6 24. Ng4 Qc6 25. Re1 h5 26. Nh2 Qd7 27. Bb1 a5 28. bxa5
b4 29. cxb4 Qxd4+ 30. Be3 Qc3 31. Qxc3 Nxc3 32. Bc2 Ba6 33. Bd4 Nb5 34. Bc5 Rd7
35. Nf3 c3 36. Bb3 Na3 37. Nd4 c2 38. Nxc2 Nxc2 39. Bxc2 Rd2 40. Ba4 Rc8 41.
Bb3 Kh7 42. Bxe6 Rc7 43. Re3 g6 44. h4 Bb7 45. f5 gxf5 46. Bxf5+ Kh8 47. Rg3
Rg7 48. Kh2 Rxg3 49. Kxg3 Rb2 50. Kf3 Kg7 51. g3 Ba6 52. Ke3 Rb3+ 53. Kf2 Rb2+
54. Ke1 Rb3 55. Bd6 Rd3 56. e5 Re3+ 57. Kf2 Re2+ 58. Kf3 fxe5 59. Be4 Kf6 60.
Bb7 e4+ 61. Bxe4 Ke6 62. Bc5 Rb2 63. Kf4 Rb3 64. Bf3 Kf6 65. Bxh5 Bb7 66. Bg4
Rb1 67. Bd4+ Kf7 68. Bc5 Kf6 69. Be2 Re1 70. Ke3 Ba6 71. g4 Rxe2+ 72. Kf4 Rc2
73. h5 Rc4+ 74. Kg3 Bc8 75. h6 Rxg4+ 76. Kf3 Kg6 77. a6 Rc4 78. a7 Bb7+ 79. Ke3
Kxh6 80. Kd3 Rh4 81. Bd4 Kg6 82. Kc4 Kf7 83. Kc5 Ke8 84. Kb6 Ba8 85. Bc5 Kd7
86. b5 Kc8 87. Ka6 Ra4+ 88. Kb6 Rc4 89. Bg1 Rg4 90. Be3 Rg6+ 91. Ka5 Re6 92.
Bg1 Kb7 93. Bc5 Kc8 94. Bg1 Bf3 95. Bf2 Kb7 96. Kb4 Be2 97. b6 Bf3 98. Kc4 Bc6
99. Bd4 Rd6 100. Bc5 Rd5 101. Bd4 Kc8 102. Bc5 Kd7 103. Kb4 Ke6 104. Kc4 Rh5
105. Bd4 Kd6 106. Bf2 Ra5 107. Bg3+ Ke6 108. Be1 Rf5 109. Bb4 Rd5 110. Bc3 Kf5
111. Be1 Ke4 112. Bc3 Ke3 113. Bb4 Ke2 114. Bc3 Kd1 115. Bd4 Kc2 116. Bc5 Kb2
117. Bd4+ Ka3 118. Bf2 Ka4 119. Be3 Rb5 120. Bf2 Ka5 121. Bc5 Ka6 122. Bd4 Bd5+
123. Kc3 Rb3+ 124. Kc2 Rf3 125. Kd2 Kb5 126. Be3 Kc4 127. Bg1 Be4 128. Be3 Rg3
129. Bf2 Rd3+ 130. Kc1 Kb3 131. Be1 Bf3 132. Bd2 Rd4 0-1

[Event "Vendredi 2019.02.08"]
[Site "Montreal CAN"]
[Date "2019.02.22"]
[Round "3"]
[White "Chang, Alexander"]
[Black "McDonough, Jonathan"]
[Result "0-1"]
[WhiteElo "2253"]
[BlackElo "1936"]
[PlyCount "132"]
[EventDate "2019.02.08"]
[EventType "tourn"]
[EventRounds "3"]
[EventCountry "CAN"]

1. d4 Nf6 2. Bf4 g6 3. e3 Bg7 4. Nf3 O-O 5. Bd3 c5 6. c3 d6 7. Nbd2 Nc6 8. Bg3
cxd4 9. exd4 Be6 10. O-O Qb6 11. b3 Qa5 12. b4 Qh5 13. Nb3 a6 14. Nfd2 Rac8 15.
Rc1 Bh6 16. Be2 Qf5 17. Rb1 Nd5 18. Rc1 b5 19. h3 Na7 20. Bg4 Qd3 21. Be2 Qf5
22. Bg4 Qf6 23. Ne4 Qg7 24. Bxe6 fxe6 25. Rc2 Nc6 26. Qe2 Nf4 27. Bxf4 Rxf4 28.
g3 Rff8 29. Ra1 Qf7 30. a4 e5 31. axb5 axb5 32. Na5 exd4 33. Nxc6 Rxc6 34. cxd4
Rxc2 35. Qxc2 Qd5 36. Qa2 Qxa2 37. Rxa2 Bg7 38. d5 Rc8 39. Ra7 Rc4 40. Rxe7
Rxb4 41. Nxd6 Rb1+ 42. Kg2 b4 43. Ne8 Bc3 44. d6 Rd1 45. Rb7 Kf8 46. d7 Ke7 47.
Nc7 Rxd7 48. Nd5+ Kd6 49. Rxd7+ Kxd7 50. Kf3 Be1 51. Ke2 Kd6 52. Ne3 Bc3 53.
Kd3 Kc5 54. Nc2 Bg7 55. f3 b3 56. Na3 Kd5 57. Nb1 h5 58. Nd2 b2 59. Nb1 Bf6 60.
Nd2 Be5 61. g4 h4 62. Nb1 g5 63. Nd2 Bf4 64. Nb1 Ke5 65. Na3 Bc1 66. Nb1 Kf4
0-1

[Event "Vendredi 2019.02.08"]
[Site "Montreal CAN"]
[Date "2019.02.22"]
[Round "3"]
[White "Saha, Ananda"]
[Black "Huang, Qiuyu"]
[Result "1/2-1/2"]
[WhiteElo "2166"]
[BlackElo "2226"]
[PlyCount "174"]
[EventDate "2019.02.08"]
[EventType "tourn"]
[EventRounds "3"]
[EventCountry "CAN"]

1. Nf3 f5 2. d3 Nf6 3. g3 g6 4. Bg2 Bg7 5. O-O O-O 6. c4 d6 7. Nc3 e5 8. Bd2
Nc6 9. Rb1 Qe8 10. b4 h6 11. b5 Ne7 12. c5 Be6 13. b6 axb6 14. cxd6 cxd6 15.
Rxb6 Qd7 16. Qb1 Rfb8 17. e4 Nc8 18. Rb4 Ra6 19. Nh4 Ne7 20. exf5 gxf5 21. Bxb7
Ra7 22. Bg2 Rxb4 23. Qxb4 Nfd5 24. Nxd5 Nxd5 25. Qb8+ Kh7 26. Nxf5 Rxa2 27.
Nxd6 Nf6 28. Bc3 Bh3 29. Bxe5 Bxg2 30. Kxg2 Nd5 31. Re1 Bxe5 32. Rxe5 Nf4+ 33.
Kf3 Nxd3 34. Rb5 Ne1+ 35. Kf4 Rxf2+ 36. Ke3 Rf3+ 37. Kd2 Rd3+ 38. Kxe1 Qe6+ 39.
Kf1 Rxd6 40. Qc7+ Rd7 41. Qc2+ Qg6 42. Qxg6+ Kxg6 43. Kg2 Rd6 44. g4 Rd3 45. h4
Ra3 46. Rb6+ Kg7 47. Rb4 Kg6 48. Rf4 Rb3 49. Rf3 Rb4 50. Kg3 Ra4 51. Rb3 Ra6
52. Rb4 Rc6 53. Kf4 Kf6 54. Ke4 Re6+ 55. Kf4 Ra6 56. Rd4 Rb6 57. h5 Ra6 58. Rb4
Rc6 59. Rb5 Rc4+ 60. Kg3 Rc3+ 61. Kh4 Kg7 62. Rb7+ Kh8 63. Rf7 Ra3 64. Rf4 Rb3
65. Rf1 Kg7 66. Rg1 Rb5 67. Rg3 Rb4 68. Rf3 Ra4 69. Kg3 Rb4 70. Ra3 Rc4 71. Kf3
Rb4 72. Ra6 Rc4 73. Rg6+ Kh7 74. Re6 Kg7 75. Kg3 Ra4 76. Re7+ Kh8 77. Kf3 Rb4
78. Re4 Rb5 79. Kf4 Kg8 80. Re5 Rb4+ 81. Kf5 Kf7 82. Ra5 Rb7 83. Ke5 Re7+ 84.
Kf5 Rb7 85. g5 hxg5 86. Kxg5 Kg7 87. h6+ Kh7 1/2-1/2

[Event "Vendredi 2019.04.05 A"]
[Site "Montreal CAN"]
[Date "2019.04.05"]
[Round "1"]
[White "Broday, Gabriel Renan"]
[Black "Chang, Alexander"]
[Result "1-0"]
[WhiteElo "2093"]
[BlackElo "1984"]
[PlyCount "137"]
[EventDate "2019.04.05"]
[EventType "tourn"]
[EventRounds "3"]
[EventCountry "CAN"]

1. e4 e5 2. Nf3 Nc6 3. Bc4 Bc5 4. c3 Nf6 5. Qe2 d6 6. Bb3 O-O 7. O-O Bb6 8. Rd1
Re8 9. d3 h6 10. Nbd2 Be6 11. Bc2 Ne7 12. Nf1 Ng6 13. d4 Qe7 14. Ng3 Nf4 15.
Bxf4 exf4 16. Nf1 Bd5 17. e5 Bxf3 18. Qxf3 dxe5 19. Re1 e4 20. Qxf4 c5 21. Ng3
Bc7 22. Qe3 Bxg3 23. hxg3 cxd4 24. Qxd4 a6 25. Re2 Rad8 26. Qa4 Qc5 27. Bxe4
Nxe4 28. Rxe4 Rxe4 29. Qxe4 Rd2 30. Qe8+ Kh7 31. Qxf7 Rxb2 32. Re1 Qxc3 33. Re8
Rb6 34. Qf5+ Rg6 35. Re6 Qc1+ 36. Kh2 Qg5 37. Qb1 Qg4 38. Rb6 Qh5+ 39. Kg1 Qg5
40. Rxb7 h5 41. Rb6 Kh6 42. Qxg6+ Qxg6 43. Rxg6+ Kxg6 44. Kf1 Kf5 45. Ke2 Ke4
46. Kd2 Kd4 47. Kc2 a5 48. Kb3 Kd3 49. Ka4 Ke2 50. Kxa5 Kxf2 51. Kb4 Kxg3 52.
a4 Kxg2 53. a5 h4 54. a6 h3 55. a7 h2 56. a8=Q+ Kg1 57. Qa1+ Kg2 58. Qb2+ Kg1
59. Qc1+ Kg2 60. Qd2+ Kg1 61. Qe3+ Kg2 62. Qg5+ Kf2 63. Qh4+ Kg2 64. Qg4+ Kf2
65. Qh3 Kg1 66. Qg3+ Kh1 67. Kc3 g5 68. Kd2 g4 69. Qf2 1-0

[Event "Vendredi 2019.04.05 A"]
[Site "Montreal CAN"]
[Date "2019.04.05"]
[Round "1"]
[White "Cardona, Misael"]
[Black "Steinberg, Ellis"]
[Result "1-0"]
[WhiteElo "2217"]
[BlackElo "1846"]
[PlyCount "103"]
[EventDate "2019.04.05"]
[EventType "tourn"]
[EventRounds "3"]
[EventCountry "CAN"]

1. d4 Nf6 2. c4 g6 3. Nc3 Bg7 4. e4 d6 5. f4 O-O 6. Nf3 c5 7. dxc5 dxc5 8. Qxd8
Rxd8 9. e5 Ne8 10. Be3 Na6 11. a3 Bf5 12. Be2 Nec7 13. Kf2 b6 14. Rhd1 Bc2 15.
Rdc1 Bd3 16. Rd1 Bxe2 17. Kxe2 Rac8 18. Rxd8+ Rxd8 19. b4 Ne6 20. Nd5 Rd7 21.
Rd1 Kf8 22. g4 Ke8 23. f5 Nec7 24. Nxc7+ Rxc7 25. b5 Nb8 26. e6 Bf6 27. h3 a6
28. Bf4 Rc8 29. a4 Kf8 30. Ng5 Bxg5 31. Bxg5 Kg7 32. Rf1 Re8 33. Ke3 h6 34. Bh4
g5 35. Bg3 Kf6 36. exf7 Kxf7 37. Bxb8 Rxb8 38. Rd1 axb5 39. axb5 Ra8 40. Ke4
Kf6 41. Rd7 Ra3 42. Rb7 Rxh3 43. Rxb6+ Kf7 44. Kd5 h5 45. Rg6 hxg4 46. Rxg5 Rf3
47. b6 Kf6 48. Rxg4 Rxf5+ 49. Kc6 Rf1 50. b7 Rb1 51. Rg8 Rb4 52. b8=Q 1-0

[Event "Vendredi 2019.04.05 A"]
[Site "Montreal CAN"]
[Date "2019.04.12"]
[Round "2"]
[White "Broday, Gabriel Renan"]
[Black "Steinberg, Ellis"]
[Result "1-0"]
[WhiteElo "2093"]
[BlackElo "1846"]
[PlyCount "119"]
[EventDate "2019.04.05"]
[EventType "tourn"]
[EventRounds "3"]
[EventCountry "CAN"]

1. e4 g6 2. d4 d6 3. Nc3 c6 4. f4 d5 5. e5 h5 6. Bd3 Nh6 7. Nf3 Bf5 8. Ne2 e6
9. O-O Be7 10. c3 Nd7 11. Be3 Kf8 12. Ng3 Bxd3 13. Qxd3 Kg7 14. Ng5 h4 15. Ne2
Nf5 16. Bd2 b5 17. g4 hxg3 18. hxg3 Qb6 19. Kg2 a5 20. g4 Nh6 21. Qg3 Rag8 22.
Rh1 Kf8 23. Rh3 Ke8 24. Rah1 Bf8 25. Qd3 c5 26. Be3 c4 27. Qb1 Bg7 28. Rh4 b4
29. Kf3 a4 30. cxb4 Qxb4 31. Qc2 Ke7 32. Ng3 Rb8 33. Bc1 a3 34. bxa3 Qb1 35.
Qxb1 Rxb1 36. Bd2 Rxh1 37. Bb4+ Kd8 38. Rxh1 Kc7 39. Rb1 Kc6 40. a4 Ra8 41. a5
Nb8 42. Bc3 Na6 43. Rb6+ Kc7 44. Ne2 Bf8 45. Bd2 Be7 46. Nc3 Nb8 47. Nb5+ Kc8
48. a4 Ra6 49. Bc3 Rxb6 50. axb6 Kb7 51. a5 Kc6 52. Na7+ Kb7 53. Nb5 Kc6 54.
Nc7 Kb7 55. Ne8 Na6 56. Nh7 Bb4 57. Bxb4 Nxb4 58. Nd6+ Kb8 59. Nf8 c3 60. Nd7+
1-0

[Event "Vendredi 2019.04.05 A"]
[Site "Montreal CAN"]
[Date "2019.04.12"]
[Round "2"]
[White "Chang, Alexander"]
[Black "Cardona, Misael"]
[Result "0-1"]
[WhiteElo "1984"]
[BlackElo "2217"]
[PlyCount "76"]
[EventDate "2019.04.05"]
[EventType "tourn"]
[EventRounds "3"]
[EventCountry "CAN"]

1. e4 c6 2. d4 d5 3. exd5 cxd5 4. Bd3 Nf6 5. Nf3 Bg4 6. O-O Nc6 7. c3 e6 8. Bf4
Be7 9. Nbd2 O-O 10. h3 Bh5 11. Re1 a6 12. a4 Rc8 13. b4 a5 14. b5 Nb8 15. Bxb8
Rxb8 16. Nf1 Rc8 17. Rc1 Bd6 18. Ng3 Bxg3 19. fxg3 Qd6 20. g4 Bg6 21. Bxg6 hxg6
22. Nd2 Rfd8 23. Re3 Rc7 24. g5 Qf4 25. Qe2 Qxg5 26. Re5 Qg3 27. Qe3 Qxe3+ 28.
Rxe3 Rdc8 29. Kf2 Kf8 30. g4 Ne4+ 31. Nxe4 dxe4 32. Re2 f5 33. Rd2 Rc4 34. Ra1
Kf7 35. g5 e5 36. dxe5 Ke6 37. Rc2 f4 38. Re2 Rxc3 0-1

[Event "Vendredi 2019.04.05 A"]
[Site "Montreal CAN"]
[Date "2019.04.19"]
[Round "3"]
[White "Cardona, Misael"]
[Black "Broday, Gabriel Renan"]
[Result "1/2-1/2"]
[WhiteElo "2217"]
[BlackElo "2093"]
[PlyCount "106"]
[EventDate "2019.04.05"]
[EventType "tourn"]
[EventRounds "3"]
[EventCountry "CAN"]

1. d4 d5 2. c4 c6 3. Nf3 Nf6 4. Nc3 e6 5. cxd5 cxd5 6. Bf4 a6 7. Rc1 Nc6 8. e3
Bd7 9. Bd3 Be7 10. h3 Rc8 11. O-O Nh5 12. Bh2 f5 13. g4 Nf6 14. Ne5 g6 15. Kh1
Ne4 16. gxf5 Nxc3 17. Rxc3 exf5 18. Qb3 Nxe5 19. Bxe5 Rxc3 20. bxc3 Bf6 21.
Bxf6 Qxf6 22. Qxb7 f4 23. Qb8+ Ke7 24. Qxf4 Qxf4 25. exf4 Rc8 26. Rc1 a5 27.
Kg2 Rb8 28. Rb1 Rc8 29. Rc1 Rb8 30. Rc2 Ba4 31. Re2+ Kd6 32. c4 dxc4 33. Bxc4
Rb4 34. Bg8 Rxd4 35. Bxh7 Bc6+ 36. Kg3 Be4 37. Re3 Bf5 38. Rb3 Kc5 39. Re3 Kd6
40. h4 Rd5 41. Rb3 Ke7 42. h5 gxh5 43. Bxf5 Rxf5 44. Kf3 Rc5 45. Rb7+ Kf6 46.
Ra7 Rc3+ 47. Ke4 Rc4+ 48. Ke3 Rc3+ 49. Kd4 Ra3 50. Ke4 Ra4+ 51. Kf3 Ra3+ 52.
Ke4 Ra4+ 53. Kf3 Ra3+ 1/2-1/2